000
002640000a22000970004500
100
1
_a
Shea, William H.
245
1
0
_a
The khirbet El-Qom tomb inscription again
300
_a
Vol. 40, Num. 1 (Enero, 1990), Páginas 110-116
773
0
_t
Vetus Testamentum
942
_c
ANA
999
_c
57612
_d
57612